000 00975nam a22002177a 4500
003 NALT
005 20240207093054.0
008 s2558 th tha d
020 _a9789744668257
040 _aNALT
041 _atha
090 _aKS 43
_bด425ก 2558
100 0 _aดาราพร ถิระวัฒน์
_910291
245 1 0 _aกฎหมายหนี้ :
_bหลักทั่วไป /
_cดาราพร ถิระวัฒน์.
250 _aพิมพ์ครั้งที่ 4
260 _aกรุงเทพฯ :
_bโครงการตำราและเอกสารประกอบการสอน คณะนิติศาสตร์ มหาวิทยาลัยธรรมศาสตร์,
_c2558.
300 _a314 หน้า ;
_b
_c26 ซม.
650 4 _aกฎหมายแพ่งและพาณิชย์
_910292
_xหนี้
850 _aNALT
942 _cLB
_2local
999 _c75084
_d75084
998 _j4574
_k นักศึกษาฝึกงาน-01